[Event "36. Copenhagen Open (Politiken Cup)"]
[Site "Elsinore"]
[Date "2014.07.22"]
[Round "3"]
[White "Brorsen, Jacob Abildlund"]
[Black "Boe Olsen, Filip"]
[Result "1-0"]
[WhiteElo "2179"]
[BlackElo "1937"]
[PlyCount "135"]
[EventDate "2014.07.21"]
[EventType "swiss"]
[EventRounds "10"]
[EventCountry "DEN"]
[Source "ChessBase"]
[SourceDate "2014.08.29"]

1. d4 d5 2. c4 c6 3. Nf3 Nf6 4. cxd5 cxd5 5. Nc3 Nc6 6. Bf4 Bf5 7. Qa4 e6 8. e3
Be7 9. Bb5 Qb6 10. Nh4 Bg6 11. O-O O-O 12. h3 Rac8 13. Rfc1 a6 14. Nxg6 hxg6
15. Bf1 Qa7 16. Qd1 Na5 17. Bd3 b5 18. Qe2 Rc6 19. Rd1 b4 20. Na4 Rfc8 21. b3
Nb7 22. g4 Nd6 23. g5 Nfe4 24. h4 Nf5 25. f3 Nc3 26. Nxc3 Rxc3 27. Qf2 a5 28.
Rd2 a4 29. bxa4 Qxa4 30. Rb1 Rc1+ 31. Rxc1 Rxc1+ 32. Kg2 b3 33. axb3 Qxb3 34.
e4 Nd6 35. e5 Nf5 36. Bxf5 gxf5 37. Rb2 Qd1 38. Bxc1 Qxc1 39. Qd2 Qxd2+ 40.
Rxd2 Bb4 41. Rd1 g6 42. Kf1 Kg7 43. Ke2 Ba5 44. Kd3 Kf8 45. Kc2 Bb4 46. Kb3 Ba5
47. Ka4 Bc3 48. Kb5 Ke7 49. Kc5 Ke8 50. Kc6 Ke7 51. Kc5 Ke8 52. h5 gxh5 53. Rh1
Bb2 54. Rxh5 Ba3+ 55. Kc6 Bb2 56. Rh4 Bc1 57. g6 fxg6 58. Kd6 g5 59. Rh1 Be3
60. Kxe6 Kf8 61. Kxd5 g4 62. fxg4 fxg4 63. Ke4 Bf2 64. Rf1 g3 65. d5 Ke7 66.
Kf3 Bd4 67. Re1 Bf2 68. Re2 1-0

[Event "36. Copenhagen Open (Politiken Cup)"]
[Site "Elsinore"]
[Date "2014.07.22"]
[Round "3"]
[White "Brouwer, Rein"]
[Black "Lauridsen, Jesper Morch"]
[Result "1/2-1/2"]
[WhiteElo "2035"]
[BlackElo "2244"]
[PlyCount "52"]
[EventDate "2014.07.21"]
[EventType "swiss"]
[EventRounds "10"]
[EventCountry "DEN"]
[Source "ChessBase"]
[SourceDate "2014.08.29"]

1. d4 d5 2. c4 e6 3. Nc3 c5 4. cxd5 exd5 5. Nf3 Nc6 6. g3 Nf6 7. Bg2 Be7 8. O-O
O-O 9. Bg5 c4 10. Ne5 Be6 11. Bxf6 Bxf6 12. f4 Qb6 13. e3 Nxe5 14. fxe5 Bg5 15.
Qe2 Rad8 16. Rf2 a6 17. Rd1 f6 18. h4 Bh6 19. exf6 Rxf6 20. e4 Rxf2 21. Qxf2
dxe4 22. Bxe4 Rf8 23. Qe2 Qd6 24. Bg2 Bf7 25. Ne4 Qb6 26. Kh1 g6 1/2-1/2

[Event "36. Copenhagen Open (Politiken Cup)"]
[Site "Elsinore"]
[Date "2014.07.22"]
[Round "3"]
[White "Carnstam, Tomas"]
[Black "Mozelius, Peter"]
[Result "1/2-1/2"]
[WhiteElo "2097"]
[BlackElo "1847"]
[PlyCount "70"]
[EventDate "2014.07.21"]
[EventType "swiss"]
[EventRounds "10"]
[EventCountry "DEN"]
[Source "ChessBase"]
[SourceDate "2014.08.29"]

1. c4 g6 2. Nc3 Bg7 3. d4 Nc6 4. Nf3 d6 5. d5 Nb8 6. e4 e5 7. Be2 a5 8. O-O Ne7
9. Ne1 f5 10. f4 O-O 11. fxe5 Bxe5 12. Nf3 Bg7 13. exf5 Nxf5 14. Bg5 Qe8 15.
Nh4 Na6 16. Nxf5 Bxf5 17. g4 Bd7 18. Rxf8+ Bxf8 19. Qd2 Nc5 20. Rf1 Bg7 21. Qf4
Be5 22. Qf3 Bg7 23. Kg2 Qf8 24. Qe3 Qe8 25. Bf3 Qxe3 26. Bxe3 Nd3 27. Be2 Nxb2
28. Nb5 Bxb5 29. cxb5 Na4 30. Rc1 Re8 31. Bd1 Nc3 32. Bd2 Nxd1 33. Rxd1 b6 34.
Kf3 h6 35. h3 Re7 1/2-1/2

[Event "36. Copenhagen Open (Politiken Cup)"]
[Site "Elsinore"]
[Date "2014.07.22"]
[Round "3"]
[White "Carstensen, Jacob"]
[Black "Hallerod, Ralph"]
[Result "1/2-1/2"]
[WhiteElo "2375"]
[BlackElo "2126"]
[PlyCount "40"]
[EventDate "2014.07.21"]
[EventType "swiss"]
[EventRounds "10"]
[EventCountry "DEN"]
[Source "ChessBase"]
[SourceDate "2014.08.29"]

1. d4 Nf6 2. c4 e6 3. g3 Bb4+ 4. Bd2 a5 5. Bg2 O-O 6. Nc3 d6 7. Nf3 Nbd7 8. O-O
Bxc3 9. Bxc3 Ne4 10. Rc1 f5 11. Be1 b6 12. Nd2 Bb7 13. Nb1 Qg5 14. f3 Qe3+ 15.
Kh1 Nef6 16. Nc3 Qh6 17. Bd2 g5 18. d5 e5 19. Nb5 Rac8 20. Na7 Ra8 1/2-1/2

[Event "36. Copenhagen Open (Politiken Cup)"]
[Site "Elsinore"]
[Date "2014.07.22"]
[Round "3"]
[White "Chevannes, Sabrina"]
[Black "Bjornsson, Eirikur K"]
[Result "1-0"]
[WhiteElo "2160"]
[BlackElo "1939"]
[PlyCount "89"]
[EventDate "2014.07.21"]
[EventType "swiss"]
[EventRounds "10"]
[EventCountry "DEN"]
[Source "ChessBase"]
[SourceDate "2014.08.29"]

1. d4 Nf6 2. Nf3 c5 3. d5 b5 4. Bg5 d6 5. Bxf6 exf6 6. e4 Qb6 7. Be2 Be7 8. O-O
O-O 9. Nbd2 f5 10. exf5 Bxf5 11. a4 Bd7 12. Re1 bxa4 13. Bd3 Bf6 14. Nc4 Qc7
15. Nfd2 Bb5 16. Ne4 Be7 17. Ne3 Bxd3 18. Qxd3 g6 19. Rxa4 Nd7 20. Nc4 Rfe8 21.
Rea1 Nb6 22. Ra6 Nxc4 23. Qxc4 Reb8 24. b3 Rb4 25. Qe2 c4 26. Rc6 Qb7 27. Rxc4
a5 28. Rxb4 axb4 29. Rd1 Ra2 30. Qc4 f5 31. Nd2 Ra5 32. Nf3 Bf6 33. Qe2 Kg7 34.
Qd3 Qb6 35. g3 Ra1 36. Rxa1 Bxa1 37. Ng5 Bf6 38. Ne6+ Kf7 39. Qc4 Be7 40. Qc8
Qb5 41. Nc7 Qe2 42. Qe8+ Kf6 43. Qh8+ Kg5 44. Ne6+ Kg4 45. h3+ 1-0

[Event "36. Copenhagen Open (Politiken Cup)"]
[Site "Elsinore"]
[Date "2014.07.22"]
[Round "3"]
[White "Christensen, Thomas2"]
[Black "Henningsen, Lasse"]
[Result "1-0"]
[WhiteElo "2139"]
[BlackElo "1830"]
[PlyCount "107"]
[EventDate "2014.07.21"]
[EventType "swiss"]
[EventRounds "10"]
[EventCountry "DEN"]
[Source "ChessBase"]
[SourceDate "2014.08.29"]

1. Nc3 e5 2. e4 Nf6 3. f4 d6 4. Nf3 Nbd7 5. Bc4 Be7 6. d3 O-O 7. O-O c6 8. Qe1
Qc7 9. a3 b5 10. Ba2 a5 11. Ne2 c5 12. Ng3 Nb6 13. Nh4 g6 14. fxe5 dxe5 15. Bh6
Re8 16. Ngf5 Bd8 17. Qg3 Nh5 18. Qf3 Ra7 19. g4 Nf6 20. Ng7 Rf8 21. g5 Ng4 22.
Ne6 Bxe6 23. Bxf8 Bxa2 24. Rxa2 Kxf8 25. Qxg4 Qe7 26. Nf3 c4 27. d4 exd4 28.
Nxd4 Kg7 29. Raa1 Nd7 30. Kg2 Ne5 31. Qf4 Rb7 32. h4 Rb6 33. Rad1 Kg8 34. Nf3
Bc7 35. Nxe5 Bxe5 36. Qe3 Rb8 37. c3 Qe6 38. Qh3 Qc6 39. Rd5 Re8 40. Qd7 Qxd7
41. Rxd7 b4 42. Rf3 bxc3 43. bxc3 Bg7 44. Rdxf7 Bxc3 45. Rc7 Be1 46. Rxc4 Bxh4
47. Rc5 Rxe4 48. Rxa5 Be1 49. Ra8+ Kg7 50. Ra7+ Kg8 51. Rd3 Re8 52. Kf3 Rf8+
53. Kg4 Bf2 54. Rb7 1-0

[Event "36. Copenhagen Open (Politiken Cup)"]
[Site "Elsinore"]
[Date "2014.07.22"]
[Round "3"]
[White "Christenson, Bjorn Aa"]
[Black "Haug, Johannes"]
[Result "1/2-1/2"]
[WhiteElo "1931"]
[BlackElo "2136"]
[PlyCount "62"]
[EventDate "2014.07.21"]
[EventType "swiss"]
[EventRounds "10"]
[EventCountry "DEN"]
[Source "ChessBase"]
[SourceDate "2014.08.29"]

1. e4 e6 2. d4 d5 3. Nd2 Be7 4. e5 c5 5. c3 Nc6 6. Ndf3 f6 7. Bb5 cxd4 8. Nxd4
Bd7 9. exf6 Nxf6 10. Ngf3 O-O 11. Qe2 e5 12. Bxc6 exd4 13. Bxd7 Qxd7 14. Nxd4
Bd6 15. O-O Rae8 16. Be3 Ng4 17. h3 Ne5 18. Qb5 Qf7 19. Rad1 a6 20. Qe2 Bb8 21.
Nf3 Qh5 22. Nd4 Qg6 23. Qc2 Qd6 24. f4 Ng6 25. Qd2 Nxf4 26. Bxf4 Rxf4 27. Rxf4
Qxf4 28. Qxf4 Bxf4 29. Kf1 Bg3 30. Nf3 Rd8 31. c4 Rc8 1/2-1/2

[Event "36. Copenhagen Open (Politiken Cup)"]
[Site "Elsinore"]
[Date "2014.07.22"]
[Round "3"]
[White "Christiansen, Torsten Sundgaar"]
[Black "Thybo, Thomas Sondergaard"]
[Result "0-1"]
[WhiteElo "1793"]
[BlackElo "1525"]
[PlyCount "92"]
[EventDate "2014.07.21"]
[EventType "swiss"]
[EventRounds "10"]
[EventCountry "DEN"]
[Source "ChessBase"]
[SourceDate "2014.08.29"]

1. d4 Nf6 2. e3 c5 3. Nf3 cxd4 4. exd4 d5 5. Bd3 Nc6 6. c3 Bg4 7. h3 Bh5 8. Bg5
e6 9. Nbd2 Be7 10. Qb3 O-O 11. O-O Qc7 12. Rae1 h6 13. Be3 Bd6 14. Qc2 a6 15.
g4 Bxg4 16. hxg4 Nxg4 17. c4 Nb4 18. Bh7+ Kh8 19. Qb1 g6 20. a3 Nc6 21. c5 Bh2+
22. Kg2 Kxh7 23. Rh1 Bf4 24. Rh4 Bxe3 25. fxe3 Nf6 26. Reh1 h5 27. Ng5+ Kg7 28.
Ndf3 Rh8 29. Rf4 Raf8 30. Nh4 Ne7 31. Rhf1 Nf5 32. Qe1 Qd7 33. Qc3 Nxh4+ 34.
Rxh4 Ng4 35. e4 f6 36. Nh3 dxe4 37. Re1 Qd5 38. Nf4 Qf5 39. Rf1 Kf7 40. Qb3 Re8
41. Qxb7+ Re7 42. Qb3 Qg5 43. Kh3 e3 44. c6 Nf2+ 45. Rxf2 exf2 46. Qf3 Qg1 0-1

[Event "36. Copenhagen Open (Politiken Cup)"]
[Site "Elsinore"]
[Date "2014.07.22"]
[Round "3"]
[White "Degerfeldt, Sven"]
[Black "Beckett, Christopher J"]
[Result "0-1"]
[WhiteElo "1920"]
[BlackElo "2132"]
[PlyCount "100"]
[EventDate "2014.07.21"]
[EventType "swiss"]
[EventRounds "10"]
[EventCountry "DEN"]
[Source "ChessBase"]
[SourceDate "2014.08.29"]

1. d4 e6 2. c4 Bb4+ 3. Bd2 a5 4. Nc3 Nf6 5. Nf3 O-O 6. Qc2 d5 7. e3 Nbd7 8. Bd3
c6 9. O-O Qe7 10. Ne5 Nxe5 11. dxe5 dxc4 12. Bxc4 Qc5 13. a3 Qxc4 14. axb4 Nd7
15. f4 f6 16. b3 Qxb4 17. Ne4 Qb6 18. Qc4 Re8 19. Nd6 Re7 20. Nf5 Re8 21. Nd4
Qa6 22. Nf3 Qxc4 23. bxc4 b6 24. Bc3 Kf7 25. Rfd1 c5 26. Rd6 Ke7 27. Rad1 Ra7
28. Rc6 Bb7 29. Rc7 Rd8 30. exf6+ gxf6 31. Bxf6+ Kxf6 32. Rdxd7 Rxd7 33. Rxd7
a4 34. g4 e5 35. Nxe5 Ke6 36. Rd1 a3 37. Ra1 Be4 38. Kf2 a2 39. Ke2 Ra3 40. h4
Bb1 41. Nf3 Bd3+ 42. Kf2 Bxc4 43. e4 Ke7 44. f5 b5 45. g5 b4 46. Nd2 Bf7 47. e5
b3 48. Nxb3 Bxb3 49. h5 Bc2 50. f6+ Kf7 0-1

[Event "36. Copenhagen Open (Politiken Cup)"]
[Site "Elsinore"]
[Date "2014.07.22"]
[Round "3"]
[White "Dyrnes, Jussi"]
[Black "Merkesvik, Sondre"]
[Result "0-1"]
[WhiteElo "1834"]
[BlackElo "2057"]
[PlyCount "172"]
[EventDate "2014.07.21"]
[EventType "swiss"]
[EventRounds "10"]
[EventCountry "DEN"]
[Source "ChessBase"]
[SourceDate "2014.08.29"]

1. d4 Nf6 2. Nc3 d5 3. Bg5 Nbd7 4. f3 c5 5. e3 g6 6. Bb5 cxd4 7. Bxf6 exf6 8.
Qxd4 Bg7 9. O-O-O O-O 10. Qxd5 Qe7 11. Qe4 Ne5 12. Nge2 f5 13. Nd5 Qc5 14. Qb4
Qxb4 15. Nxb4 a6 16. Bd3 Be6 17. e4 Nxd3+ 18. cxd3 a5 19. Nd5 Bxd5 20. exd5
Rfd8 21. Nc3 Rac8 22. Kd2 Bh6+ 23. Ke2 b5 24. Rhe1 b4 25. Na4 Rxd5 26. Kf1 Rcd8
27. Ke2 Kg7 28. Nb6 Rd4 29. Nc4 R8d5 30. b3 Rh4 31. h3 Rhd4 32. Nb6 Rd8 33. Nc4
R8d5 34. Nb6 Rb5 35. Nc4 Bg5 36. g3 h5 37. f4 Bf6 38. Ne3 h4 39. Kf3 hxg3 40.
Kxg3 Rb8 41. Rh1 Rbd8 42. Kf3 Rxd3 43. Rxd3 Rxd3 44. Ke2 Rc3 45. Rg1 Kf8 46.
Nd5 Rc6 47. Rd1 Bc3 48. Rd3 f6 49. Re3 Rc5 50. Rd3 Kf7 51. Nb6 Rc6 52. Rd7+ Ke6
53. Rb7 g5 54. Nc4 a4 55. Rg7 Rc8 56. fxg5 fxg5 57. Rxg5 Rxc4 58. bxc4 b3 59.
axb3 a3 60. Rg6+ Bf6 61. Rg8 a2 62. Re8+ Kd6 63. Ra8 a1=Q 64. Rxa1 Bxa1 65. h4
Bd4 66. Kf3 Ke5 67. h5 Kf6 68. b4 Kg5 69. c5 Kxh5 70. c6 Bb6 71. Kf4 Kg6 72.
Ke5 Bc7+ 73. Ke6 f4 74. Kd7 Bb6 75. c7 Bxc7 76. Kxc7 f3 77. b5 f2 78. b6 f1=Q
79. b7 Qc4+ 80. Kb6 Qb4+ 81. Kc7 Qc5+ 82. Kd7 Qb6 83. Kc8 Qc6+ 84. Kb8 Kf6 85.
Ka7 Qc7 86. Ka8 Qa5+ 0-1

[Event "36. Copenhagen Open (Politiken Cup)"]
[Site "Elsinore"]
[Date "2014.07.22"]
[Round "3"]
[White "Edwardsson, Hannu Kalervo"]
[Black "Maechel, Michael"]
[Result "0-1"]
[WhiteElo "1455"]
[BlackElo "1718"]
[PlyCount "76"]
[EventDate "2014.07.21"]
[EventType "swiss"]
[EventRounds "10"]
[EventCountry "DEN"]
[Source "ChessBase"]
[SourceDate "2014.08.29"]

1. e4 e5 2. Nf3 d6 3. c4 Nf6 4. d3 Bg4 5. Be2 Nc6 6. Nc3 Be7 7. Bd2 O-O 8. O-O
Nd7 9. Nd5 Bxf3 10. Bxf3 Nc5 11. Nxe7+ Qxe7 12. Be3 Ne6 13. a3 Ncd4 14. Bxd4
Nxd4 15. Bg4 Qg5 16. Kh1 g6 17. Bh3 h5 18. Qc1 Qxc1 19. Raxc1 Ne2 20. Rce1 Nf4
21. Bd7 Nxd3 22. Re2 Nc5 23. Bh3 Nd3 24. g3 Nc5 25. Bg2 Ne6 26. f4 Nd4 27. Ref2
Rad8 28. fxe5 dxe5 29. b4 b6 30. h3 a5 31. bxa5 bxa5 32. a4 Rb8 33. Ra1 Rb4 34.
Bf1 Rfb8 35. c5 Nb3 36. Raa2 Nxc5 37. Bb5 Nxe4 38. Kg2 Nxf2 0-1

[Event "36. Copenhagen Open (Politiken Cup)"]
[Site "Elsinore"]
[Date "2014.07.22"]
[Round "3"]
[White "Egholm, Leif"]
[Black "Thomsen, Kurt"]
[Result "0-1"]
[WhiteElo "1718"]
[BlackElo "1940"]
[PlyCount "42"]
[EventDate "2014.07.21"]
[EventType "swiss"]
[EventRounds "10"]
[EventCountry "DEN"]
[Source "ChessBase"]
[SourceDate "2014.08.29"]

1. e4 e6 2. d4 d5 3. Nc3 Bb4 4. e5 c5 5. a3 Ba5 6. b4 cxd4 7. Nb5 Bc7 8. Nxc7+
Qxc7 9. f4 Ne7 10. Bd3 Nbc6 11. Bb2 O-O 12. Nf3 Bd7 13. Bxh7+ Kxh7 14. Ng5+ Kg6
15. Qg4 Nxe5 16. fxe5 Qxe5+ 17. Ne4+ Kh7 18. Qh4+ Kg8 19. Qxe7 Qxe4+ 20. Kd1
Rac8 21. Rc1 Ba4 0-1

[Event "36. Copenhagen Open (Politiken Cup)"]
[Site "Elsinore"]
[Date "2014.07.22"]
[Round "3"]
[White "Fries Nielsen, Jens Ove"]
[Black "Gajic, Mladen"]
[Result "1-0"]
[WhiteElo "2398"]
[BlackElo "2201"]
[PlyCount "83"]
[EventDate "2014.07.21"]
[EventType "swiss"]
[EventRounds "10"]
[EventCountry "DEN"]
[Source "ChessBase"]
[SourceDate "2014.08.29"]

1. d4 Nf6 2. Bf4 c5 3. dxc5 b6 4. c4 bxc5 5. Nc3 d6 6. e3 Bb7 7. Nf3 h6 8. h3
Qb6 9. Rb1 Nbd7 10. Be2 g5 11. Bh2 Rg8 12. g4 Ne4 13. O-O Nxc3 14. bxc3 Qc6 15.
Qb3 Rb8 16. Qa3 h5 17. Qxa7 hxg4 18. hxg4 f5 19. Bd1 Kd8 20. Qa5+ Kc8 21. Rxb7
Qxb7 22. Qa4 Ra8 23. Qc2 Qe4 24. Qxe4 fxe4 25. Nd2 Rxa2 26. Nxe4 Nb6 27. Bf3
Rb2 28. Ra1 Rg6 29. Kg2 Nxc4 30. Ra8+ Rb8 31. Ra7 Ne5 32. Bxe5 dxe5 33. Nxc5
Rd6 34. Be4 e6 35. Rf7 Bh6 36. c4 Rb4 37. Nxe6 Rxc4 38. Bf5 Kb8 39. Rh7 e4 40.
Rxh6 Rd2 41. Nd4 Rc3 42. Rh3 1-0

[Event "36. Copenhagen Open (Politiken Cup)"]
[Site "Elsinore"]
[Date "2014.07.22"]
[Round "3"]
[White "Fries Nielsen, Niels Jorgen"]
[Black "Brondum, Eric"]
[Result "1/2-1/2"]
[WhiteElo "2297"]
[BlackElo "2119"]
[PlyCount "45"]
[EventDate "2014.07.21"]
[EventType "swiss"]
[EventRounds "10"]
[EventCountry "DEN"]
[Source "ChessBase"]
[SourceDate "2014.08.29"]

1. Nf3 Nf6 2. g3 g6 3. Bg2 Bg7 4. O-O d6 5. d3 O-O 6. c3 e5 7. a4 a5 8. Na3 Nc6
9. Nc4 h6 10. e4 Be6 11. b3 Qd7 12. Re1 Bh3 13. Bh1 Ng4 14. d4 exd4 15. Nxd4
Nge5 16. Nxe5 Nxe5 17. f4 Nc6 18. Be3 h5 19. Qd2 h4 20. Qf2 hxg3 21. Qxg3 Nxd4
22. cxd4 Qg4 23. Rac1 1/2-1/2

[Event "36. Copenhagen Open (Politiken Cup)"]
[Site "Elsinore"]
[Date "2014.07.22"]
[Round "3"]
[White "Frisk, Hans"]
[Black "Akdag, Dara Sevkan"]
[Result "1/2-1/2"]
[WhiteElo "2042"]
[BlackElo "2236"]
[PlyCount "131"]
[EventDate "2014.07.21"]
[EventType "swiss"]
[EventRounds "10"]
[EventCountry "DEN"]
[Source "ChessBase"]
[SourceDate "2014.08.29"]

1. c4 Nf6 2. g3 c5 3. Bg2 e6 4. Nf3 d5 5. cxd5 exd5 6. d4 Nc6 7. O-O Be7 8. Nc3
O-O 9. dxc5 Bxc5 10. Na4 Be7 11. Be3 Bg4 12. Rc1 Rc8 13. Bc5 Re8 14. h3 Bh5 15.
Re1 d4 16. Bxe7 Rxe7 17. g4 Bg6 18. Nxd4 Rd7 19. Nxc6 bxc6 20. Qb3 Be4 21. Nc5
Bd5 22. Qg3 Re7 23. b3 Bxg2 24. Kxg2 Qd2 25. Qc3 Rxe2 26. Rxe2 Qxe2 27. Re1
Qxa2 28. Ra1 Qe2 29. Rxa7 h5 30. Qf3 Qd2 31. Ne4 hxg4 32. Nxf6+ gxf6 33. Qxg4+
Qg5 34. Qxg5+ fxg5 35. Rb7 c5 36. f3 Kg7 37. Kg3 Kf6 38. f4 gxf4+ 39. Kxf4 Rh8
40. Rb6+ Kg7 41. Kg4 Rd8 42. Rc6 Rd4+ 43. Kg5 Rd5+ 44. Kg4 f6 45. h4 Kg6 46.
Rc8 Rd4+ 47. Kg3 Rd3+ 48. Kf4 Rc3 49. Rc6 Rc1 50. h5+ Kf7 51. Rc7+ Ke6 52. Rc6+
Kf7 53. Rc7+ Ke6 54. Rc6+ Ke7 55. h6 Rf1+ 56. Ke3 Rh1 57. h7 Kd7 58. Rxf6 Rxh7
59. Kd3 Rh4 60. Kc3 Kc7 61. Rg6 Rd4 62. Rh6 Rd6 63. Rxd6 Kxd6 64. Kc4 Kc6 65.
b4 cxb4 66. Kxb4 1/2-1/2

[Event "36. Copenhagen Open (Politiken Cup)"]
[Site "Elsinore"]
[Date "2014.07.22"]
[Round "3"]
[White "Gao, Rui"]
[Black "Rosenkilde, Alexander"]
[Result "1-0"]
[WhiteElo "2529"]
[BlackElo "2255"]
[PlyCount "83"]
[EventDate "2014.07.21"]
[EventType "swiss"]
[EventRounds "10"]
[EventCountry "DEN"]
[Source "ChessBase"]
[SourceDate "2014.08.29"]

1. e4 c5 2. Nf3 Nc6 3. d4 cxd4 4. Nxd4 Nf6 5. Nc3 e5 6. Ndb5 d6 7. Bg5 a6 8.
Na3 b5 9. Nd5 Be7 10. Bxf6 Bxf6 11. c4 b4 12. Nc2 Rb8 13. b3 O-O 14. g3 Bg5 15.
h4 Bh6 16. Bh3 Be6 17. Kf1 Rb7 18. Kg2 Qa5 19. a3 bxa3 20. Rxa3 Qc5 21. Rxa6
Rfb8 22. Qe2 Bxd5 23. exd5 Nb4 24. Nxb4 Qxb4 25. Rb1 g6 26. h5 Bg5 27. Rc6 Rb6
28. Qf3 Bd8 29. Bd7 R6b7 30. Qg4 Qa3 31. hxg6 hxg6 32. Rh1 Bf6 33. Bc8 Ra7 34.
Ba6 Rd8 35. Bb5 Qxb3 36. Rc8 Ra8 37. Rc7 Qd3 38. Bd7 Bg7 39. Be6 Rf8 40. Qh4
Bh6 41. Qxh6 Qe4+ 42. Kh2 1-0

[Event "36. Copenhagen Open (Politiken Cup)"]
[Site "Elsinore"]
[Date "2014.07.22"]
[Round "3"]
[White "Grebstad, Kjell Borre"]
[Black "Dahl, Steve"]
[Result "1-0"]
[WhiteElo "1994"]
[BlackElo "1802"]
[PlyCount "81"]
[EventDate "2014.07.21"]
[EventType "swiss"]
[EventRounds "10"]
[EventCountry "DEN"]
[Source "ChessBase"]
[SourceDate "2014.08.29"]

1. d4 Nf6 2. c4 e6 3. Nc3 Bb4 4. Qc2 O-O 5. a3 Bxc3+ 6. Qxc3 b6 7. Nf3 Bb7 8.
g3 d5 9. Bg2 Ne4 10. Qc2 c5 11. O-O cxd4 12. Nxd4 Qf6 13. Bxe4 dxe4 14. Nb5 Qe7
15. Rd1 f5 16. Qd2 Nc6 17. Qg5 Rad8 18. Be3 Rxd1+ 19. Rxd1 Qxg5 20. Bxg5 h6 21.
Be3 Rf7 22. b4 Ne5 23. Rd8+ Rf8 24. Rxf8+ Kxf8 25. Nd6 Bc6 26. Bd4 Nd7 27. Nc8
a5 28. b5 Bb7 29. Nxb6 Nxb6 30. Bxb6 a4 31. Bd4 g6 32. Be5 Ke7 33. e3 g5 34.
Kf1 g4 35. Ke2 Kd7 36. Kd2 Ba8 37. Kc3 Kc8 38. Kb4 Kb7 39. Kxa4 Kb6 40. Kb4 h5
41. a4 1-0

[Event "36. Copenhagen Open (Politiken Cup)"]
[Site "Elsinore"]
[Date "2014.07.22"]
[Round "3"]
[White "Hagen, Thorolf"]
[Black "Jensen, Ib"]
[Result "1/2-1/2"]
[WhiteElo "1658"]
[BlackElo "1982"]
[PlyCount "85"]
[EventDate "2014.07.21"]
[EventType "swiss"]
[EventRounds "10"]
[EventCountry "DEN"]
[Source "ChessBase"]
[SourceDate "2014.08.29"]

1. e4 Nc6 2. Nf3 Nf6 3. Nc3 d6 4. d4 Bg4 5. Bb5 a6 6. Be2 e5 7. dxe5 dxe5 8.
O-O Qxd1 9. Rxd1 Bxf3 10. Bxf3 Nd4 11. Bg5 c6 12. Rac1 Nxf3+ 13. gxf3 Nd7 14.
Ne2 Bc5 15. Rd3 f6 16. Be3 Bxe3 17. fxe3 O-O-O 18. Rcd1 Nc5 19. Rxd8+ Rxd8 20.
Rxd8+ Kxd8 21. Nc3 a5 22. b3 Kd7 23. Kf2 b5 24. a3 Kd6 25. Ke2 Ne6 26. b4 axb4
27. axb4 Nc7 28. Kd3 Na6 29. Na2 c5 30. bxc5+ Kxc5 31. c3 b4 32. cxb4+ Nxb4+
33. Nxb4 Kxb4 34. Kc2 Kc4 35. Kd2 g6 36. Kc2 f5 37. exf5 gxf5 38. Kd2 f4 39.
exf4 exf4 40. Kc2 Kd4 41. Kd2 h6 42. h3 h5 43. h4 1/2-1/2

[Event "36. Copenhagen Open (Politiken Cup)"]
[Site "Elsinore"]
[Date "2014.07.22"]
[Round "3"]
[White "Hansen, Max"]
[Black "Bach, Matthias"]
[Result "0-1"]
[WhiteElo "2009"]
[BlackElo "2224"]
[PlyCount "68"]
[EventDate "2014.07.21"]
[EventType "swiss"]
[EventRounds "10"]
[EventCountry "DEN"]
[Source "ChessBase"]
[SourceDate "2014.08.29"]

1. d4 d6 2. Nf3 Nd7 3. g3 e6 4. Bg2 Be7 5. e4 c5 6. c3 b5 7. O-O Bb7 8. Re1
Ngf6 9. Nbd2 Qc7 10. dxc5 Nxc5 11. Nd4 a6 12. Qe2 O-O 13. f3 Rfe8 14. Nf1 Bf8
15. Bg5 Nfd7 16. Rad1 Nb6 17. Bc1 Rad8 18. Ne3 d5 19. exd5 Nxd5 20. f4 Nf6 21.
Ng4 Nxg4 22. Qxg4 Bxg2 23. Kxg2 g6 24. Qf3 Na4 25. Nc6 Rd6 26. Rxd6 Bxd6 27.
Nd4 Rc8 28. a3 Nb6 29. Qe4 Bc5 30. Nb3 Bf8 31. Rd1 Nc4 32. Nd4 Rd8 33. Nxe6
fxe6 34. Qxe6+ Kg7 0-1

[Event "36. Copenhagen Open (Politiken Cup)"]
[Site "Elsinore"]
[Date "2014.07.22"]
[Round "3"]
[White "Hansen, Verner"]
[Black "Suntharalingam, Jarani"]
[Result "1-0"]
[WhiteElo "1888"]
[BlackElo "1646"]
[PlyCount "73"]
[EventDate "2014.07.21"]
[EventType "swiss"]
[EventRounds "10"]
[EventCountry "DEN"]
[Source "ChessBase"]
[SourceDate "2014.08.29"]

1. e4 c5 2. Nc3 d6 3. d3 Nf6 4. g3 Nc6 5. Bg2 g6 6. f4 Bg7 7. Nf3 O-O 8. O-O
Nd4 9. Ne2 Nxf3+ 10. Bxf3 Nd7 11. c3 Nb6 12. Be3 f5 13. Qc2 Qc7 14. Rad1 Bd7
15. d4 cxd4 16. Nxd4 Rac8 17. exf5 Bxf5 18. Nxf5 gxf5 19. Qb3+ Kh8 20. Bxb6
axb6 21. Qd5 Qc5+ 22. Kg2 Qxd5 23. Bxd5 Ra8 24. a3 Ra7 25. Be6 Ra5 26. Rfe1 Rc5
27. Rd5 Rxd5 28. Bxd5 Bf6 29. Bxb7 Kg7 30. Rd1 h5 31. Rd5 Rb8 32. Ba6 Kg6 33.
Bd3 e5 34. Rxd6 e4 35. Be2 Rb7 36. Bxh5+ Kg7 37. Rd5 1-0

[Event "36. Copenhagen Open (Politiken Cup)"]
[Site "Elsinore"]
[Date "2014.07.22"]
[Round "3"]
[White "Hardlei, Johan"]
[Black "Rorvik, Jon Fredrik"]
[Result "0-1"]
[WhiteElo "1884"]
[BlackElo "2151"]
[PlyCount "124"]
[EventDate "2014.07.21"]
[EventType "swiss"]
[EventRounds "10"]
[EventCountry "DEN"]
[Source "ChessBase"]
[SourceDate "2014.08.29"]

1. e4 e5 2. Nf3 Nc6 3. d4 exd4 4. Nxd4 Bc5 5. Be3 Qf6 6. c3 Nge7 7. Bc4 Ne5 8.
Be2 Qg6 9. O-O O-O 10. Nd2 d6 11. f3 Bb6 12. Kh1 f5 13. f4 N5c6 14. Nxc6 Nxc6
15. Bxb6 axb6 16. exf5 Bxf5 17. Nb3 Kh8 18. Bf3 Bc2 19. Qd2 Rae8 20. Nd4 Bd3
21. Bxc6 bxc6 22. f5 Bxf5 23. Qf4 Re5 24. Rae1 Rxe1 25. Rxe1 Re8 26. Rf1 Be6
27. Nxc6 Bg8 28. h3 Re2 29. Qf3 Qe8 30. Nd8 Rxb2 31. Qf8 Qxf8 32. Rxf8 h6 33.
Ne6 c6 34. Nd8 Kh7 35. Nb7 Bd5 36. Nxd6 Rxg2 37. c4 Rg6+ 38. cxd5 Rxd6 39. dxc6
Rxc6 40. Rb8 Kg6 41. Kg2 Kh5 42. Ra8 Rc5 43. Ra4 Ra5 44. Rb4 Rxa2+ 45. Kg3 Ra3+
46. Kg2 Ra6 47. Kg3 Kg5 48. Rb5+ Kf6 49. Kg4 Ke6 50. Rb4 Kd5 51. Rb1 Ra4+ 52.
Kh5 Kc5 53. Kg6 b5 54. Kxg7 Rh4 55. Rc1+ Kb6 56. Rc3 b4 57. Rf3 Kb5 58. Rf5+
Ka4 59. Rf8 Rxh3 60. Ra8+ Kb3 61. Kg6 Kb2 62. Rc8 b3 0-1

[Event "36. Copenhagen Open (Politiken Cup)"]
[Site "Elsinore"]
[Date "2014.07.22"]
[Round "3"]
[White "Haubro, Martin"]
[Black "Tari, Aryan"]
[Result "1/2-1/2"]
[WhiteElo "2224"]
[BlackElo "2412"]
[PlyCount "88"]
[EventDate "2014.07.21"]
[EventType "swiss"]
[EventRounds "10"]
[EventCountry "DEN"]
[Source "ChessBase"]
[SourceDate "2014.08.29"]

1. e4 e5 2. Nf3 Nc6 3. Bc4 Bc5 4. O-O Nf6 5. d3 O-O 6. c3 d6 7. Bb3 h6 8. h3 a6
9. Be3 Bxe3 10. fxe3 Na5 11. Bc2 c5 12. Nbd2 b5 13. Qe1 Nc6 14. Bb3 Be6 15. Nh4
c4 16. dxc4 bxc4 17. Bxc4 Bxc4 18. Nxc4 Nxe4 19. Nf5 Ne7 20. Qb1 d5 21. Nxe5
Nd2 22. Qd3 Nxf1 23. Rxf1 Nxf5 24. Rxf5 Qc8 25. Nf3 Qb7 26. b3 Rad8 27. Nd4
Rfe8 28. Rf3 g6 29. Rf6 Rc8 30. Rxa6 Re4 31. Rf6 Qe7 32. Rf3 Qa3 33. Qd2 Qc5
34. Ne2 Rce8 35. Nd4 Rc8 36. Ne2 Rce8 37. Kf2 Rc8 38. a4 Qa5 39. Qd1 Ra8 40.
Qd3 Rc8 41. Ke1 Rb8 42. Qc2 Rbe8 43. Kd2 d4 44. Nxd4 Qg5 1/2-1/2